Normal view
MARC view
Entry Personal Name
001 - CONTROL NUMBER
- control field: 497165
003 - CONTROL NUMBER IDENTIFIER
- control field: OSt
005 - DATE AND TIME OF LATEST TRANSACTION
- control field: 20220928140715.0
008 - FIXED-LENGTH DATA ELEMENTS
- fixed length control field: 220928|| aca||aabn | a|a d
040 ## - CATALOGING SOURCE
- Original cataloging agency: OSt
- Transcribing agency: OSt
100 ## - HEADING--PERSONAL NAME
- Personal name: Leininger Kevin E Ed
670 ## - SOURCE DATA FOUND
- Source citation: Work cat.: (OSt)813681: Leininger Kevin E Ed., AIX/6000 developer's tool kit, 1996
